Politická krize na Ukrajině

V apríli 2001 vyslovil ukrajinský parlament vláde Viktora Juščenska nedôveru. Politická kríza, ktorá je na Ukrajine už od konca minulého roku sa tým dostáva do ďalšej fázy. Príčiny politickej krízy na Ukrajine.

Saved in:
Bibliographic Details
Main Author: Kopeček, Lubomír
Format: Book Chapter
Language:Czech
Subjects:
Tags: Add Tag
No Tags, Be the first to tag this record!

MARC

LEADER 00000naa a2200000 4500
001 r042200
005 20230927121105.8
041 0 |a cze 
044 |a CZ 
245 1 0 |a Politická krize na Ukrajině  |c Lubomír Kopeček 
520 |a V apríli 2001 vyslovil ukrajinský parlament vláde Viktora Juščenska nedôveru. Politická kríza, ktorá je na Ukrajine už od konca minulého roku sa tým dostáva do ďalšej fázy. Príčiny politickej krízy na Ukrajine. 
610 2 0 |a kríza politická 
610 2 0 |a Ukrajina 
610 2 0 |a voľby 
610 2 0 |a reformy hospodárske 
610 2 0 |a reformy štruktúrne 
610 2 0 |a kríza hospodárska 
100 1 |a Kopeček, Lubomír